000 00452nam a22001577a 4500
003 PILC
005 20150504090250.0
008 150504b xxu||||| |||| 00| 0 eng d
050 _aQA 76.75
_b.P656 1999
245 _aPinnacle systems DV500.
260 _aGermany :
_bPinnacle Systems ;
_c1999.
300 _a140 pages :
_billustrations ;
_c21 cm.
500 _aIncludes appendix, glossary and index.
650 _aComputer Science.
942 _2lcc
_cBK
999 _c283817
_d283817